000 00540nam a2200193Ia 4500
005 20250508162241.0
008 008 250505s9999 xx 000 0 hin d
037 _aTextual
040 _aFEDL
_beng
_cFEDL
041 _ahin
_2eng
084 _a370.92, SHA
_qFEDL
100 _aSharma Ramnath
245 0 _aSamkalin bhartiya shiksha darshanik
260 _aDelhi, India
_bVineet Publications
300 _a248p.
650 _aEducation-Philosophers
_9772402
942 _cTEXL
_h370.92, SHA
999 _c1375370
_d1375370